| 000 | 00877nam a2200241 i 4500 | ||
|---|---|---|---|
| 001 | bg | ||
| 003 | BPK | ||
| 005 | 20150814122920.0 | ||
| 008 | 000404s1999 pl |000 0 pol | ||
| 020 | _a8371593163 | ||
| 040 | _cBPK | ||
| 041 | 0 | _apl | |
| 080 | _a349.6(4-67) | ||
| 080 | _a349.6(438) | ||
| 100 | 1 | _aMering, Leszek. | |
| 245 | 1 | 0 |
_aOchrona środowiska w prawie wspólnotowym i w prawie polskim : _bharmonizacja polskiego prawa ochrony środowiska z normami prawa wspólnot europejskich / _cLeszek Mering. |
| 260 |
_aSopot : _b"Lex", _c1999. |
||
| 300 |
_a284, [1] s. ; _c21 cm. |
||
| 650 | 4 |
_aPrawo ochrony środowiska _zPolska. |
|
| 650 | 4 |
_aPrawo ochrony środowiska międzynarodowe _xprawo wspólnotowe europejskie. |
|
| 856 |
_uhttp://koha.tu.koszalin.pl/cgi-bin/koha/opac-detail.pl?biblionumber=36417 _yKatalog online BPK |
||
| 942 |
_cKS _2UKD |
||
| 999 |
_c36417 _d36417 |
||